Advancing materials research

Zapisane w:
Opis bibliograficzny
Format: Książka
Język:Undetermined
Wydane: Washington, D.C. National Academy Press 1987
Hasła przedmiotowe:
Etykiety: Dodaj etykietę
Nie ma etykietki, Dołącz pierwszą etykiete!
Thư viện lưu trữ: Trung tâm Học liệu Trường Đại học Cần Thơ
LEADER 00744nam a2200181Ia 4500
001 CTU_98896
008 210402s9999 xx 000 0 und d
082 |a 620.11 
082 |b A244 
245 0 |a Advancing materials research 
245 0 |c National Academy of Engineering, National Academy of Sciences, with the participation of the National Materials Advisory Board and the Solid State Sciences Committee of the National Research Council ; Peter A. Psaras and H. Dale Langford, editors ; foreword by Frederick Seitz. 
260 |a Washington, D.C. 
260 |b National Academy Press 
260 |c 1987 
650 |a Materials 
650 |x Research,Congresses 
904 |i Năm 
980 |a Trung tâm Học liệu Trường Đại học Cần Thơ